Juan Carlos Savater (Record no. 13855)

MARC details
000 - LÍDER
campo de control de longitud fija 01270nam a2200241Ia 4500
008 - ELEMENTOS DE DATOS DE LONGITUD FIJA - INFORMACIÓN GENERAL
campo de control de longitud fija 0000002006 sp a 0000000000spa00
020 ## - INTERNATIONAL STANDARD BOOK NUMBER
International Standard Book Number 8495457679
090 ## - NÚMERO DE LLAMADA DE TIPO LC LOCALMENTE ASIGNADO (OCLC)
Número de clasificación (OCLC) (R) PSP00 E71j
100 1# - ENTRADA PRINCIPAL - NOMBRE PERSONAL
Nombre de la persona Escribano, María
245 10 - TÍTULO DECLARACIÓN
Título Juan Carlos Savater
Resto del título : estrella matutina, Silos
Declaración de responsabilidad / Textos MAría Escribano, Ignacio Gómez de Liaño, Joaquín Cortés ; coordinación del catálogo Carmen Román Llorente ; fotografías Ignacio J. Mesa Núñez
260 ## - PUBLICACIÓN, DISTRIBUCIÓN
Lugar de publicación Madrid : Museo Nacional Centro de Arte Reina Sofía, Ministerio de Cultura
Fecha de publicación 2006
300 ## - DESCRIPCIÓN FÍSICA
Alcance 79 p.
Dimensiones / 25 cm.
500 ## - NOTA GENERAL
Nota general Exposición realizada en la Abadía de Santo Domingo de Silos, en España, del 1 de marzo al 3 de mayo de 2006 \ Incluye datos biográficos y cronología artística
501 ## - Con nota
Con nota El inmóvil punto del mundo que gira / María Escribano La pintura como ejercicio del espíritu / Ignacio Gómez de Liaño
505 ## - NOTA DE CONTENIDO FORMATEADA
Nota sobre el contenido formateado OBRAS: Estrella matutina I al XIV Alba I al III
600 00 - ENTRADA DE SUJETO AÑADIDO - NOMBRE PERSONAL
Nombre de la persona SAVATER, JUAN CARLOS, 1953/
Subdivisión general TRABAJOS PICTORICOS
650 14 - ENTRADA DE SUJETO AÑADIDO - TÉRMINO TÓPICO
Término tópico o elemento de entrada del nombre geográfico ARTE CONTEMPORANEO ESPAÑOL
650 14 - ENTRADA DE SUJETO AÑADIDO - TÉRMINO TÓPICO
Término tópico o elemento de entrada del nombre geográfico ARTISTAS PLASTICOS ESPAÑOLES
650 14 - ENTRADA DE SUJETO AÑADIDO - TÉRMINO TÓPICO
Subdivisión general CATALOGOS
650 14 - ENTRADA DE SUJETO AÑADIDO - TÉRMINO TÓPICO
Subdivisión general EXPOSICIONES
650 14 - ENTRADA DE SUJETO AÑADIDO - TÉRMINO TÓPICO
Término tópico o elemento de entrada del nombre geográfico PINTURA ESPAÑOLA
700 1# - ENTRADA AGREGADA - NOMBRE PERSONAL
Nombre de la persona Gómez de Liaño, Ignacio \ Cortés Joaquín
Holdings
Estado de retirada Pérdida de estatus Estado dañado No para préstamo Código de recogida Ubicación permanente Ubicación actual Ubicación de las estanterías Fecha de adquisición Número de llamada completo Código de barras Fecha de la última vez que se vio Número de copia Precio efectivo desde Tipo de artículo Koha
        General ArtNexus ArtNexus General 06/09/2022 P-SP-00 E71J 14035 06/09/2022 Ej.1 06/09/2022 Libro

Powered by Koha